Statistics for US Cabinet Departments Quiz

Click here to take the quiz!

General Stats

  • This quiz has been taken 26,730 times
  • The average score is 8 of 15

Answer Stats

Department % Correct
State
88%
Defense
85%
Justice
68%
Treasury
66%
Education
65%
Homeland Security
62%
Interior
57%
Agriculture
54%
Health and Human Services
52%
Transportation
43%
Housing and Urban Development
40%
Commerce
38%
Energy
36%
Labor
33%
Veterans Affairs
25%

Score Distribution

Percentile by Number Answered

Percent of People with Each Score

Your Score History

You have not taken this quiz